Британцы - Армагеддон - Statistics

General Stats
  • This quiz has been taken 53 times
  • The average score is 5 of 50
Answers on the Grid
Answers color-coded by a green-red scale on the quiz's grid according to % correct below.
Агата Кристи
Боб Марли
Чарлз Дарвин
Гай Ричи
Лана Дель Рей
Дэвид Лин
Сэм Мендес
Филип Гласс
Эми Уайнхаус
Карл Лагерфельд
Алан Рикман
Энди Уорхол
Шеймас Хини
Диана Крюгер
Александр Флеминг
Фрэнк Гери
Энди Маррей
Хью Грант
Исаак Ньютон
Томас Эдисон
Джордж Оруэлл
Сирша Ронан
Тайсон Фьюри
Джими Хендрикс
Кен Лоуч
Марта Грэм
Хозиер
Мэгги Смит
Джон Терри
Шарлиз Терон
Элтон Джон
Райан Рейнольдс
Кайли Миноуг
Роберт Оппенгеймер
Тильда Суинтон
Джеймс Джойс
Стивен Хокинг
Дэвид Финчер
Урсула Ле Гуин
Стивен Джеррард
Кейт Уинслет
Чарльз Диккенс
Джонни Кэш
Элис Манро
Дональд Сазерленд
Александр Маккуин
Беатрис Поттер
Дасти Спрингфилд
Кира Найтли
Джек Лондон
Алан Тьюринг
Пирс Броснан
Джоан Роулинг
Фрэнк Лэмпард
Леонард Коэн
Эмма Уотсон
Маргарет Тэтчер
Кейт Мосс
Майкл Фассбендер
Стэн Ли
Ридли Скотт
Эдвард Хоппер
Марк Твен
Эмилия Кларк
Конор Макгрегор
Робби Уильямс
Киллиан Мерфи
Дэвид Бекхэм
Розалинд Франклин
Дэвид Линч
Эмили Бронте
Майкл Бубле
Том Харди
Сильвия Плат
Дуа Липа
Уэс Андерсон
Вольтер
Ноам Хомский
Кейт Бланшетт
Майя Энджелоу
Уинстон Черчилль
Джеймс Кэмерон
Тони Моррисон
Фредерик Бантинг
Николь Кидман
Майкл Фарадей
Олдос Хаксли
Тим Бёртон
Фрэнк Синатра
Тим Бернерс-Ли
Дирк Новицки
Марго Робби
Джейн Остин
Густав Холст
Ян Флеминг
Шон Коннери
Дэвид Боуи
Маргарет Этвуд
Вивьен Вествуд
 
Answer Stats
Answer % Correct
Агата Кристи
50%
Чарлз Дарвин
28%
Джордж Оруэлл
28%
Гай Ричи
22%
Элтон Джон
22%
Александр Флеминг
17%
Джон Терри
17%
Кейт Уинслет
17%
Джоан Роулинг
17%
Маргарет Тэтчер
17%
Дэвид Бекхэм
17%
Шон Коннери
17%
Эми Уайнхаус
11%
Алан Рикман
11%
Стивен Джеррард
11%
Чарльз Диккенс
11%
Александр Маккуин
11%
Фрэнк Лэмпард
11%
Эмма Уотсон
11%
Уинстон Черчилль
11%
Дэвид Боуи
11%
Вивьен Вествуд
11%
Энди Маррей
6%
Хью Грант
6%
Исаак Ньютон
6%
Кен Лоуч
6%
Мэгги Смит
6%
Тильда Суинтон
6%
Стивен Хокинг
6%
Дасти Спрингфилд
6%
Алан Тьюринг
6%
Ридли Скотт
6%
Эмилия Кларк
6%
Эмили Бронте
6%
Густав Холст
6%
Ян Флеминг
6%
Дэвид Лин
0%
Сэм Мендес
0%
Тайсон Фьюри
0%
Беатрис Поттер
0%
Кира Найтли
0%
Кейт Мосс
0%
Робби Уильямс
0%
Розалинд Франклин
0%
Том Харди
0%
Дуа Липа
0%
Майкл Фарадей
0%
Олдос Хаксли
0%
Тим Бернерс-Ли
0%
Джейн Остин
0%
No matching quizzes found
Score Distribution
Percent of People with Each Score
Percentile by Number Answered
Your Score History
You have not taken this quiz